000 00371nam a22001457a 4500
005 20200607103120.0
008 200607b xxu||||| |||| 00| 0 eng d
082 _a345.4
110 _aALL INDIA REPORTER
_95811
245 _aALL INDIA REPORTER 2007 (V-94) ALLAHABAD SECTION
260 _bALL INDIA REPORTER
300 _a304;p
650 _aLAW
_95701
942 _cJRL
999 _c6881
_d6879